[Event "DOM-ch"]
[Site "Santo Domingo"]
[Date "2022.02.20"]
[Round "4"]
[White "Mendez, Ruddy Antonio"]
[Black "Lizardo, Carlos"]
[Result "1/2-1/2"]
[WhiteElo "2045"]
[BlackElo "1770"]
[PlyCount "107"]
[EventDate "2022.02.18"]
[EventType "swiss"]
[EventRounds "11"]
[EventCountry "DOM"]
[SourceTitle "EXT 2023"]
[Source "ChessBase"]
[SourceDate "2022.10.05"]
[SourceVersion "1"]
[SourceVersionDate "2022.10.05"]
[SourceQuality "1"]

1. d4 Nf6 2. c4 e5 3. dxe5 Ne4 4. Qd5 Bb4+ 5. Nd2 Nxd2 6. Bxd2 Bxd2+ 7. Qxd2 Qe7 8. f4 Nc6 9. 0-0-0 0-0 10. Kb1 d6 11. exd6 cxd6 12. e3 d5 13. cxd5 Nb4 14. Bd3 Nxd5 15. e4 Nb4 16. Ne2 Bg4 17. h3 Rad8 18. Qe3 Nd5 19. Qxa7 Bxe2 20. Bxe2 Qxe4+ 21. Bd3 Nc3+ 22. Kc2 Rxd3 23. Rxd3 Nxa2 24. Qd4 Qxg2+ 25. Kb3 Qxh1 26. Kxa2 Qc6 27. Qd5 Ra8+ 28. Kb1 Qb6 29. Rd4 h6 30. f5 Ra5 31. Qd8+ Qxd8 32. Rxd8+ Kh7 33. f6 Kg6 34. fxg7 Kxg7 35. Rd7 Rb5 36. Kc2 Kg6 37. Kc3 f5 38. b4 f4 39. Rd4 Rf5 40. Kd2 f3 41. Ke1 f2+ 42. Kf1 Kg5 43. Rc4 h5 44. Rd4 Rf4 45. Rd5+ Kh4 46. b5 Kxh3 47. Rxh5+ Kg3 48. Rg5+ Kf3 49. Rg7 Rb4 50. Rf7+ Ke3 51. Re7+ Kf3 52. Rf7+ Kg3 53. Rg7+ Kf3 54. Rf7+ 1/2-1/2

[Event "DOM-ch"]
[Site "Santo Domingo"]
[Date "2022.02.19"]
[Round "3"]
[White "Lizardo, Carlos"]
[Black "Jimenez Martinez, Dario Alberto"]
[Result "1/2-1/2"]
[WhiteElo "1770"]
[BlackElo "2032"]
[PlyCount "109"]
[EventDate "2022.02.18"]
[EventType "swiss"]
[EventRounds "11"]
[EventCountry "DOM"]
[SourceTitle "EXT 2023"]
[Source "ChessBase"]
[SourceDate "2022.10.05"]
[SourceVersion "1"]
[SourceVersionDate "2022.10.05"]
[SourceQuality "1"]

1. d4 g6 2. e4 Bg7 3. Nf3 d6 4. Bc4 Nf6 5. Nc3 0-0 6. Bg5 c6 7. Qd2 b5 8. Bd3 Qc7 9. 0-0 a6 10. h3 e5 11. a3 Re8 12. Rfe1 Nbd7 13. Rac1 Nf8 14. d5 c5 15. Bh6 Qe7 16. Bg5 Bd7 17. Nh2 h5 18. f4 N8h7 19. fxe5 Nxg5 20. Qxg5 Qxe5 21. Qxe5 Rxe5 22. Nf3 Re7 23. e5 dxe5 24. Rxe5 Rae8 25. Rxe7 Rxe7 26. b3 Bh6 27. Rd1 Re3 28. Nb1 Bxh3 29. gxh3 Rxf3 30. Kg2 Rf4 31. c4 Rd4 32. Nc3 bxc4 33. Bxc4 Rxd1 34. Nxd1 Bd2 35. Kf3 Kf8 36. d6 a5 37. Nf2 Bc1 38. a4 g5 39. Nd3 g4+ 40. hxg4 hxg4+ 41. Kg3 Be3 42. Ne5 Ne4+ 43. Kxg4 Nxd6 44. Kf3 Bd4 45. Nc6 Nxc4 46. bxc4 Bc3 47. Ke4 Ke8 48. Kd5 Bb4 49. Ne5 f6 50. Nd3 Kd7 51. Nf4 Ke7 52. Ke4 Kd6 53. Kf5 Bd2 54. Nd5 Bc1 55. Nxf6 1/2-1/2